MARC

LEADER 00000nas a2200000 a 4500
001 ssj0014024
003 WaSeSS
005 20200512172242.0
006 m d
007 cr n
008 990419c19669999ksuqr pss 0 a0eng
010 |a  2016201565 
016 7 |a 0043533  |2 DNLM 
016 7 |a A30360000  |2 DNLM 
022 |a 1878-7177  |y 0003-3006 
030 |a ANPRBG 
035 |a (WaSeSS)ssj0014024 
040 |a OH1  |b eng  |c OH1  |d OCL  |d OCLCQ  |d OCL  |d HNK  |d NSD  |d OCLCQ  |d OCLCO  |d OCLCF  |d OCLCQ  |d DLC  |d OCLCQ  |d Z5A  |d OCLCO  |d ZAC  |d U3W  |d OCLCO  |d OCLCA  |d TXA  |d BUF  |d CASUM  |d UAB  |d OCLCO  |d MOW  |d WYU  |d VT2  |d SFB  |d OCLCA  |d WaSeSS 
042 |a pcc  |a nsdp 
050 4 |a RK510.A1  |b A5 
060 4 |a W1  |b AN219N 
082 0 0 |a 617  |2 23 
130 0 |a Anesthesia progress (Online) 
210 0 |a Anesth. prog.  |b (Online) 
222 0 |a Anesthesia progress  |b (Online) 
245 1 0 |a Anesthesia progress  |h [electronic resource]. 
246 1 |a Anesth. prog 
260 |a Wellesley, Mass. :  |b American Dental Society of Anesthesiology,  |c [1966]- 
260 3 |3 <2016-> :  |a Lawrence, KS :  |b Allen Press 
310 |a Quarterly,  |b 1993- 
321 |a Ten issues a year,  |b 1966-1969 
321 |a Bimonthly,  |b 1970-1992 
362 1 |a Began with: Vol. 13, No. 1 (January 1966). 
500 |a The journal of sedation and anestesiology in dentistry. 
506 |a License restrictions may limit access. 
515 |a Some numbers issued in combined form. 
538 |a Mode of access: World Wide Web. 
550 |a Journal of the American Dental Society of Anesthesiology. 
588 |a Description based on: Vol. 13, No. 1 (January 1966); title from PDF cover (PubMed, viewed February 2, 2018). 
588 |a Latest issue consulted: Volume 64, Issue 4 (Winter 2017) (journal site, viewed February 7, 2018). 
650 0 |a Anesthesia in dentistry  |v Periodicals. 
650 7 |a Anesthesia in dentistry.  |2 fast  |0 (OCoLC)fst00808661 
650 1 2 |a Anesthesia, Dental. 
650 1 2 |a Anesthesiology. 
650 1 2 |a Dentistry. 
655 0 |a Electronic journals. 
710 2 |a American Dental Society of Anesthesiology. 
776 0 8 |i Print version:  |t Anesthesia progress  |x 0003-3006  |w (DLC)sn 86001062  |w (OCoLC)4240121 
780 0 0 |a American Dental Society of Anesthesiology.  |t Journal of the American Dental Society of Anesthesiology 
856 4 0 |z Full text available from Research Library: 10/01/2004 to 6 months ago  |u https://search.proquest.com/publication/24112